000 00664nam a2200181Ia 4500
008 100920s9999 xx 000 0 und d
082 _b102382
_a891.464 न 07
100 _aजोषी दिनकर.
245 _aमहाभारतातील मातृवंदना.
260 _bमेहतापब्लिशिंग हाऊस. पुणे.
_c2007
300 _a94
_bसाधी
365 _b90
520 _aनिबंध.
630 _aमहाभारतातील मातृवंदना.
650 _aनिबंध.
730 _aमहाभारतातील मातृवंदना.
942 _cBOOK
999 _c742815
_d742812